All Metal Subgenres according to RYM - Statistics

General Stats
  • This quiz has been taken 733 times
    326 since last reset
  • The average score is 38 of 80
Answer Stats
Hint Answer % Correct
D Death Metal
95%
B Black Metal
93%
H Heavy Metal
86%
T Thrash Metal
85%
D Doom Metal
82%
M Metalcore
80%
N Nu Metal
79%
P Power Metal
75%
P Progressive Metal
75%
A Alternative Metal
72%
G Grindcore
70%
S Sludge Metal
70%
S Speed Metal
70%
I Industrial Metal
67%
D Deathcore
64%
F Folk Metal
64%
S Stoner Metal
64%
T Technical Death Metal
62%
G Goregrind
59%
S Symphonic Metal
59%
R Rap Metal
58%
P Post-Metal
57%
A Atmospheric Black Metal
56%
M Melodic Death Metal
56%
V Viking Metal
56%
G Groove Metal
55%
B Brutal Death Metal
54%
F Funk Metal
54%
A Avant-Garde Metal
52%
D DSBM
52%
F Funeral Doom Metal
51%
W War Metal
51%
B Blackgaze
50%
D Djent
50%
G Gothic Metal
50%
D Drone Metal
48%
M Mathcore
48%
M Melodic Black Metal
48%
D Death Doom Metal
47%
D Deathgrind
47%
T Technical Thrash Metal
46%
C Crossover Thrash
44%
K Kawaii Metal
44%
P Pornogrind
44%
S Symphonic Black Metal
43%
S Slam Death Metal
41%
D Dissonant Death Metal
40%
E Epic Doom Metal
40%
M Melodic Metalcore
40%
N NWOBHM
40%
A Atmospheric Sludge Metal
38%
T Traditional Doom Metal
38%
C Celtic Metal
37%
D Death 'n' Roll
36%
U US Power Metal
36%
C Cyber Metal
35%
B Black 'n' Roll
34%
D Dissonant Black Metal
34%
N Neoclassical Metal
34%
P Pagan Black Metal
34%
B Black Noise
33%
S Southern Metal
32%
G Gorenoise
31%
C Cybergrind
30%
M Mincecore
30%
T Trance Metal
30%
N Neue Deutsche Härte
28%
D Doomgaze
27%
D Downtempo Deathcore
26%
R RABM
26%
N Noisegrind
25%
H Hellenic Black Metal
24%
S Stenchcore
23%
M Mittelalter-Metal
22%
N NOLA Sludge
19%
C Cascadian Black Metal
17%
T Thall
17%
H Holy Terror
15%
G Gothenburg Sound
14%
S Stockholm Sound
9%
No matching quizzes found
Score Distribution
Percent of People with Each Score
Percentile by Number Answered
Your Score History
You have not taken this quiz since the last reset